01123nam a22002897a 4500999001700000005001700017008004100034020001800075040002700093041000800120044000700128082001800135100005000153245009100203250002200294260008600316300006900402650002700471650001800498650003500516650002200551700003200573700003300605700004200638942001500680952013800695 c20557d2055720191106072707.0191106b xxu||||| |||| 00| 0 spa d a9789587205527 aCO-BoIAVH cCO-BoIAVH  aspa ack a363.32bAg91s aAgudelo Botero, Juan Diego... [et.al.]eAutor aSeguridad ciudadana desde la gobernanza metropolitana:bEl caso del Valle de Aburrá. aPrimera edición aMedellin:bUniversidad EAFIT,bÁrea Metropolitana del Valle de Aburrá,c2018. a283 Páginas:bfotografías, tablas y gráficos,c22 x 17 cm. 0aGestión de proyectos 0asosteniblidad 0aConflictos sociales zColombia 0aAspectos sociales aGallego, Lauraecoordinador aLeyva, Santiagoecoordinador aMesa Mejía, Juan Pabloecoordinador 2ddccLIBRO 00102ddc40708GENERALaBogotabBogotad2019-11-06l0oLB-363.32 Ag91sp043684r2019-11-06 00:00:00tEj.1w2019-11-06xCanjeyLIBRO